00881 2200337 4500001002100000005001700021008004100038020002200079035002500101040001200126041000800138082000800146084001400154100001700168245007600185250001100261260003500272300004000307600002000347650002000367850001200387990001600399990001600415990001600431990001600447990001600463990001600479990001600495990001600511990001600527YOGYA-0113000000117420150820100005.0 ind  a978-602-8174-56-5 a0010-011300000001174 aYOPDYOG aInd a813 a813 Ari R aARIE SUDIBYO aRoro jonggrang :bkembalinya pewaris takhta kraton bokoc/ Arie Sudibyo aCet. 1 aYogyakartabGalang Pressc2011 a459 hlm. :bilus. ;c21 cm. (3 eks) aNurjannah Intan aFiksi Indonesia aYOPDYOG a490-PD/B.12 a491-PD/B.12 a492-PD/B.12 a492-PD/B.12 a491-PD/B.12 a490-PD/B.12 a492-PD/B.12 a491-PD/B.12 a490-PD/B.12